| 000 | 00485nam a2200169Ia 4500 | ||
|---|---|---|---|
| 003 | OSt | ||
| 005 | 20191227122050.0 | ||
| 008 | 190216s9999||||xx |||||||||||||| ||und|| | ||
| 040 | _coclc | ||
| 082 |
_a330.09 _bMIT/H |
||
| 100 |
_aMithani, D M _9552 |
||
| 245 | 0 |
_aHistory Of Economic Thought / _cD M Mithani |
|
| 260 |
_bHimalaya Publishing House, _c1994. _aNew Delhi: |
||
| 300 | _a376p | ||
| 650 | _aEconomics | ||
| 942 |
_cBK _2ddc _h330.09 _iMIT/H _k330.09 _mMIT/H |
||
| 999 |
_c9914 _d9914 |
||